| 000 | 01169cam a2200313 i 4500 | ||
|---|---|---|---|
| 001 | 200448513 | ||
| 999 |
_c200448513 _d66725 |
||
| 003 | TR-AnTOB | ||
| 005 | 20241121111122.0 | ||
| 007 | ta | ||
| 008 | 220408s1999 tu a 00000 tur d | ||
| 020 | _a9756786019 | ||
| 040 |
_aTR-AnTOB _beng _erda _cTR-AnTOB |
||
| 041 | 0 | _atur | |
| 050 | 4 |
_aD568.3 _b.Ç36 1999 |
|
| 090 |
_aD568.3 _b.Ç36 1999 |
||
| 245 | 0 | 0 |
_aÇanakkale -1915 / _cyayın proje sahibi Millî Savunma Bakanlığı ; hazırlayan Hülya Yarar [and three others] |
| 264 | 1 |
_aAnkara : _bT.C.Millî Savunma Bakanlığı, _c1999. |
|
| 300 |
_axiii, 258 pages : _billustrations ; _c31 cm |
||
| 336 |
_atext _btxt _2rdacontent |
||
| 337 |
_aunmediated _bn _2rdamedia |
||
| 338 |
_avolume _bnc _2rdacarrier |
||
| 500 | _aOsmanlı Devleti'nin 700 ncü kuruluş yıldönümü. | ||
| 650 | 7 |
_aDünya Savaşı, 1914-1918 _xSeferler _zTürkiye _zGelibolu Yarımadası _2etuturkob _9129036 |
|
| 650 | 7 |
_aDünya Savaşı, 1914-1918 _xSeferler _zTürkiye _zGelibolu Yarımadası _2etuturkob _9129036 |
|
| 700 | 1 |
_aYarar, Hülya _9119598 |
|
| 710 | 1 |
_aTurkey. _bMillı̂ Savunma Bakanlığı _9117930 |
|
| 942 |
_2lcc _cBK |
||